<?xml version="1.0" encoding="UTF-8"?>
<marc:record xmlns:marc="http://www.loc.gov/MARC21/slim">
   <marc:leader>00000nam a2200000 a 4500</marc:leader>
   <marc:datafield ind1="1" ind2=" " tag="100">
      <marc:subfield code="a">Parrado, Nando</marc:subfield>
      <marc:subfield code="4">aut</marc:subfield>
      <marc:subfield code="e">Verfasser/-in</marc:subfield>
   </marc:datafield>
   <marc:datafield ind1=" " ind2=" " tag="653">
      <marc:subfield code="a">wahre Geschichte</marc:subfield>
   </marc:datafield>
   <marc:datafield ind1=" " ind2=" " tag="653">
      <marc:subfield code="a">Flugzeugabsturz</marc:subfield>
   </marc:datafield>
   <marc:datafield ind1=" " ind2=" " tag="653">
      <marc:subfield code="a">überleben</marc:subfield>
   </marc:datafield>
   <marc:datafield ind1="0" ind2="0" tag="245">
      <marc:subfield code="a">72 Tage in der Hölle</marc:subfield>
   </marc:datafield>
   <marc:datafield ind1="0" ind2="0" tag="245">
      <marc:subfield code="b">Wie ich den Absturz in den Anden überlebte</marc:subfield>
   </marc:datafield>
   <marc:datafield ind1=" " ind2="1" tag="264">
      <marc:subfield code="b">Blanvalet Verl.</marc:subfield>
      <marc:subfield code="c">2008</marc:subfield>
   </marc:datafield>
   <marc:datafield ind1="1" ind2=" " tag="520">
      <marc:subfield code="a">Im Oktober 1972 besteigt Nando Parrado gemeinsam mit Freunden eine Maschine nach Santiago de Chile. Doch sie werden ihr Ziel nie erreichen, denn das Flugzeug stürzt fern jeglicher Zivilisation über den argentinischen Anden ab. Für die wenigen Überlebenden beginnt ein Wettlauf gegen die Zeit, inmitten von Schnee und Eis haben sie kaum eine Chance. Bis Nando Parrado den kühnen Entschluss fasst, zusammen mit einem Freund aufzubrechen, um Hilfe zu holen. Wie durch ein Wunder gelingt es ihm, den nahezu sicheren Tod zu besiegen.</marc:subfield>
   </marc:datafield>
   <marc:datafield ind1=" " ind2=" " tag="020">
      <marc:subfield code="a">9783442154982</marc:subfield>
      <marc:subfield code="9">9783442154982</marc:subfield>
   </marc:datafield>
</marc:record>
